Представление документа в формате RUSMARC

ПолеНазваниеЗначение
  Тип записи a
  Библиографический уровень m
001 Контрольный номер RU/CBS_UL/BASE/bcddb01f698643cbb78836b9cf0db76a
005 Дата корректировки 20260119103709.8
010 Индекс ISBN __
a ISBN
b Уточнения в пер.
d Цена 20 к.
9 Тираж 150 000 экз.
100 Данные общей обработки __
a Данные общей обработки 20260119d 0rusy0189## ca
101 Язык документа 0_
a Язык текста rus
102 Страна публикации __
a Страна публикации RU
200 Заглавие и сведения об ответственности 1_
a Заглавие Герои революции 1905 - 1907 годов в России
e Сведения, относящиеся к заглавию книга для учащихся
f Первые сведения об ответственности А. С. Рудь, В. В. Шелохаев
210 Выходные данные 1_
a Место издания Москва
c Издательство Просвещение
d Дата издания 1984
215 Физическое описание __
a Объем 80 с.
c Иллюстрации/тип воспроизводства портр.
d Формат 21 см.
300 Общие примечания __
a Общие примечания Под инв. номером 12748: Ц-1, 3-1, 4-1, 9-1, 10-1, 13-1, 15-1, 17-1, 28-1
300 Общие примечания __
a Общие примечания 16+
606 Тематические рубрики 0_
a Основная рубрика Революция 1905-1907 гг. - Герои
610 Ключевые слова 0_
a Ключевые слова частники революции; герои революции; революционеры; большевики; большевистская партия в революции; революции в России; революция 1905-1907 гг. в России
686 Индексы других классификаций __
2 Код системы rubbk
a Классификационный индекс 63.3(2)522
700 Автор _1
a Фамилия Рудь
b Имя (инициалы) А. С.
g Полное личное имя Александр Степанович
701 Альтернативная интеллектуальная ответственность _1
a Фамилия Шелохаев
b Имя (инициалы) В. В.
801 Источник записи _0
a Страна RU
b Организация МБУК ЦБС г. Ульяновска
c Дата составления 20260119
g Правила каталогизации RCR
801 Источник записи _1
a Страна RU
b Организация МБУК ЦБС г. Ульяновска
c Дата составления 20260119
g Правила каталогизации RCR
852 Данные о местонахождении __
i Авторский знак Р 83
j Шифр хранения 63.3(2)5
901 Тип документа __
t Тип документа m
909 Создатель записи __
a Создатель записи obr2
b Дата создания записи 20260119